| 000 | 03365nam a2200505 c 4500 | ||
|---|---|---|---|
| 700 | 1 |
_aАрнаудов, Михаил Петров _933558 |
|
| 999 |
_c129691 _d129691 |
||
| 003 | BLK | ||
| 005 | 20250118142032.0 | ||
| 008 | 180409b bul|||||r ||||||| ||bul|| | ||
| 010 | _aKNG00135428000 | ||
| 040 | _aBLK | ||
| 041 |
_aBUL _cBUL |
||
| 072 | 7 |
_2bullib _aА _xФонд Михаил Арнаудов |
|
| 080 |
_aВъзстановяване и развитие на България след Освобождението (1878-1900) _b94(497.2)"1878/1900" _x(092) _z94(497.2)"1878/1900"(092) |
||
| 080 |
_aБългарска литература _b821.163.2 _x(092) _z821.163.2(092) |
||
| 080 |
_aМонашеско име Климент. Български писател, духовник и политик от Консервативната партия _b929 Друмев, Васил Николов _z929 Друмев, Васил Николов |
||
| 139 |
_aКлимент Търновски - Васил Друмев _bК 64 |
||
| 245 | 1 | 0 |
_aКлимент Търновски - Васил Друмев _bЗа 25-год. от смъртта му : Изследване, спомени и док. _cпод ред. на Михаил Петров Арнаудов. |
| 257 | _aBGR | ||
| 260 |
_bК-т Митрополит Климент _c1927 _fСофия : Художник _aСофия |
||
| 300 |
_aXXIV, 480 с. _bс фотогр., 1 л. : портр. _c23 см |
||
| 380 | _a9 | ||
| 490 |
_9396381 _aЧастна колекция - Академик Михаил Арнаудов _gДарение - Основен фонд |
||
| 500 | _aСъдържа : Статия на М. Арнаудов . с. 29-86. - Подпис на М. Арнаудов в кн. с инв. № 319813, датиране на кн. 28.Х.927. - Кн. са с твърда подв. - Лист-ръкописи : Библиогр. източници с материали за В. Друмев | ||
| 500 | _aАвтограф с текст: На брата си Димитра, въ знакъ на преданность. Сф. 28.Х.927 Подпис: М. Арнаудов | ||
| 600 | 0 |
_aДрумев, Васил Николов _cКлимент, епископ Браницки; Климент, митрополит Търновски; Климент Браницкий, митрополит Търновски; Климент Търновски, митрополит _d1841-1901 _gПисател, висш духовник, полит. деец, митрополит, викарий, общественик, учредител на Бълг. книж. дружество _9366760 |
|
| 650 | 4 |
_aДрумев, Васил Николов _9366760 |
|
| 650 | 0 |
_aБългария - история - биографии _9266868 |
|
| 650 | 4 |
_aБългарска литература - биографии _9273691 |
|
| 651 | 4 |
_aБългария _9241624 |
|
| 653 | _aВасил Друмев | ||
| 659 | _aА | ||
| 852 |
_aМА 838 _bМА |
||
| 852 |
_aЦб 9.235.16995 _bО |
||
| 856 | 4 | _qpdf | |
| 856 | 4 | _qpdf | |
| 942 |
_cKNG _n0 _s1 |
||
| 944 |
_aCR _c23.10.2012 _k30560 _lГеновева Генчева |
||
| 944 |
_aED _c2021-09-16 _kВП |
||
| 944 |
_aED _c15.09.2016 _kГеновева_Генчева |
||
| 999 | _d129691 | ||
| 999 | _d129691 | ||
| 999 | _d129691 | ||
| 999 | _d129691 | ||